=LDR 00000nam 2200000 4500 =001 INLIS000000000051248 =005 20241002110338 =035 ##$$a 0010-0917000052 =007 ta =008 241002################g##########0#ind## =020 ##$$a 978-602-6559-24-1 =082 ##$$a R.425.03 =084 ##$$a R.425.03 KAM k =245 ##$$a Kamus Lengkap Istilah Grammar Bahasa Inggris /$c Tim Pnaca Aksara =250 ##$$a cet.1 =260 ##$$a Yogyakarta :$b Indoliterasi,$c 2017 =300 ##$$a iv, 348 hlm ; $c 20 x 14 cm =650 #4$$a Grammar-Kamus =504 ##$$a Bibliografi : hlm 347 =500 ##$$a Biografi : hlm. 348 =990 ##$$a 21703055 =990 ##$$a 21703054 =990 ##$$a 21703053 =990 ##$$a 21703052 =990 ##$$a 21703051 =990 ##$$a 21703054 =990 ##$$a 21703055 =990 ##$$a 21703053 =990 ##$$a 21703052 =990 ##$$a 21703051 =990 ##$$a 21703053 =990 ##$$a 21703055 =990 ##$$a 21703054 =990 ##$$a 21703052 =990 ##$$a 21703051 =990 ##$$a 21703051 =990 ##$$a 21703055 =990 ##$$a 21703054 =990 ##$$a 21703053 =990 ##$$a 21703052 =990 ##$$a 21703055 =990 ##$$a 21703054 =990 ##$$a 21703053 =990 ##$$a 21703052 =990 ##$$a 21703051